Quick Pick: Bob Dylan Songs Quiz Stats

 Plays Quiz Updated Jun 2, 2018

Challenge
Share
Tweet
Embed
Score 0/20 Timer 01:30
2 Plays Today
% Correct
Knockin'
91.2%
Rolling
91%
Blowin'
90.8%
Watchtower
85.4%
Hard
81.1%
Staying
74.1%
Street
73.9%
Make
72.6%
Homesick
71.9%
Blue
71.7%
% Correct
Eskimo
69.7%
Serve
69.6%
Hat
63.5%
Spanish
55.9%
Buick
46.1%
Absolutely
40.9%
Brownsville
36.1%
Achilles
31.9%
Idiot
31.1%
Approximately
30.8%

Today's Daily Dose

Word Ladder
Aquatic Life

On This Day
August 21st II

You're not logged in!

Compare scores with friends on all Sporcle quizzes.
Join for Free
OR
Log In

You Might Also Like...

Show Comments

Extras

Top Quizzes Today


Score Distribution

Your Account Isn't Verified!

In order to create a playlist on Sporcle, you need to verify the email address you used during registration. Go to your Sporcle Settings to finish the process.

Report this User

Report this user for behavior that violates our Community Guidelines.

Details: